00658nam a2200169 i 4500001000700000003000900007005001700016007000300033008004100036100002300077245013100100260004100231300003900272852003400311999001900345952012400364147055ES-MaACL20230906201802.0t|070920s1952 sp ||||1| spa d1 aTucidides.911162610aHistoria de la guerra del Peloponeso / cTucidides ; Instrucción y traducción con notas por Francisco Rodríguez Adrados. aMadrid : bHernando y Cía, c1952. a3 t. con 5 maps. plegs. ; c18 cm. aES-MaACLjD-8788-90 bR.33136 c147055d147055 00104070aATENEOMbATENEOMcSVId2008-01-17eSCl0oD-8788-90p901153468r2023-02-23 00:00:00w2023-02-23yMONOGRAFIA